000 00776cam a22002413a 4500
001 32713
003 PGUSA
005 20140828083716.0
008 100606s2010||||xxu|||||s|||||000 | eng d
040 _aPGUSA
_beng
042 _adc
050 4 _aHQ
100 1 _aEffinger, John R.
_q(John Robert),
_d1869-1933
245 1 0 _aWomen of the Romance Countries (Illustrated) :
_bWoman: In all ages and in all countries Vol. 6 (of 10)
_h[electronic resource] /
_cJohn R. Effinger
260 _bProject Gutenberg,
_c2010
506 _aPublic domain in the USA.
516 _aElectronic text
653 _aWomen -- Italy -- History
653 _aWomen -- Spain -- History
830 0 _aProject Gutenberg
_v32713
856 4 0 _uhttp://www.gutenberg.org/ebooks/32713
942 _cEB
999 _c261968
_d261968